000 00753nam a2200229Ii 4500
003 JO-AjNU
008 230605s9999||||xx |||||||||||||| ||und||
017 _a1989/4833
020 _a977-1450-38-7
040 _aJO-AjNU
_bara
_erda
_cJO-AjNU
041 _aara
050 1 4 _aBP187.6.D8678 1989
100 3 _aالدقس،كامل سلامة,
_eauthor
_914369
245 0 0 _aالإعتداءات الباطنية على المقدسات الإسلامية
250 _aط1
264 3 1 _aالقاهرة: هجر للطباعة والنشر والتوزيع والاعلان، 1989
300 _a209ص
336 _atext
_btxt
_2rdacontent
337 _aunmediated
_bn
_2rdamedia
338 _avolume
_bnc
_2rdacarrier
650 4 _aالمساجد
_914370
999 _aA3815
_c7383
_d7383